Pokémon Categories: Generation II - Statistics

General Stats
  • This quiz has been taken 11 times
  • The average score is 33 of 79
Answer Stats
Pokémon Category % Correct
Skarmory Armor Bird
70%
Kingdra Dragon
70%
Snubbull, Granbull Fairy
70%
Bellossom Flower
70%
Sunkern Seed
70%
Natu Tiny Bird
70%
Chikorita, Bayleef Leaf
60%
Hoothoot, Noctowl Owl
60%
Wooper, Quagsire Water Fish
60%
Chinchou Angler
50%
Marill Aqua Mouse
50%
Pineco, Forretress Bagworm
50%
Igglybuff, Qwilfish Balloon
50%
Crobat Bat
50%
Stantler Big Horn
50%
Yanma Clear Wing
50%
Cyndaquil Fire Mouse
50%
Gligar Fly Scorpion
50%
Politoed Frog
50%
Pupitar Hard Shell
50%
Steelix Iron Snake
50%
Dunsparce Land Snake
50%
Lanturn, Ampharos Light
50%
Aipom Long Tail
50%
Ho-Oh Rainbow
50%
Heracross Single Horn
50%
Sunflora, Espeon Sun
50%
Unown Symbol
50%
Pichu Tiny Mouse
50%
Porygon2 Virtual
50%
Quilava, Typhlosion, Entei Volcano
50%
Azumarill Aqua Rabbit
40%
Donphan, Tyranitar Armor
40%
Totodile, Croconaw, Feraligatr Big Jaw
40%
Corsola Coral
40%
Hoppip, Skiploom, Jumpluff Cottonweed
40%
Elekid Electric
40%
Togetic, Blissey Happiness
40%
Sudowoodo Imitation
40%
Slugma, Magcargo Lava
40%
Teddiursa Little Bear
40%
Furret Long Body
40%
Miltank Milk Cow
40%
Swinub Pig
40%
Scizor Pincer
40%
Togepi Spike Ball
40%
Cleffa Star Shape
40%
Mareep, Flaaffy Wool
40%
Suicune Aurora
30%
Houndour, Houndoom Dark
30%
Murkrow Darkness
30%
Delibird Delivery
30%
Lugia Diving
30%
Ledyba, Ledian Five Star
30%
Hitmontop Handstand
30%
Meganium Herb
30%
Remoraid, Octillery Jet
30%
Mantine Kite
30%
Magby Live Coal
30%
Ariados Long Leg
30%
Girafarig Long Neck
30%
Shuckle Mold
30%
Umbreon Moonlight
30%
Xatu Mystic
30%
Smeargle Painter
30%
Slowking Royal
30%
Sentret Scout
30%
Misdreavus Screech
30%
Tyrogue Scuffle
30%
Sneasel Sharp Claw
30%
Piloswine Swine
30%
Raikou Thunder
30%
Celebi Time Travel
30%
Ursaring Hibernator
20%
Smoochum Kiss
20%
Phanpy Long Nose
20%
Wobbuffet Patient
20%
Larvitar Rock Skin
20%
Spinarak String Spit
20%
No matching quizzes found
Score Distribution
Percent of People with Each Score
Percentile by Number Answered
Your Score History
You have not taken this quiz